Statistics for Five Biggest Cities by Division of US

Click here to take the quiz!

General Stats

  • This quiz has been taken 89 times
  • The average score is 31 of 45

Answer Stats

HintAnswer% Correct
New EnglandBoston
99%
West South CentralDallas
94%
West South CentralHouston
94%
Mid-AtlanticNew York
94%
East North CentralChicago
93%
MountainDenver
92%
PacificLos Angeles
92%
Mid-AtlanticPhiladelphia
90%
PacificSan Diego
89%
PacificSan Francisco
89%
East North CentralDetroit
88%
West South CentralSan Antonio
83%
PacificSeattle
83%
South AtlanticWashington DC
83%
East South CentralMemphis
82%
East South CentralNashville
82%
MountainPhoenix
82%
South AtlanticBaltimore
81%
West South CentralAustin
79%
East North CentralColumbus
76%
West North CentralMinneapolis
76%
New EnglandProvidence
76%
East North CentralIndianapolis
75%
South AtlanticCharlotte
74%
PacificSan Jose
72%
West North CentralSt. Louis
72%
West North CentralKansas City
68%
South AtlanticJacksonville
67%
Mid-AtlanticPittsburgh
65%
East South CentralLouisville
61%
West South CentralFort Worth
58%
MountainLas Vegas
57%
East North CentralMilwaukee
57%
MountainTucson
57%
West North CentralOmaha
54%
South AtlanticVirginia Beach
53%
MountainAlbuquerque
46%
Mid-AtlanticNewark
46%
New EnglandBridgeport
39%
East South CentralLexington
39%
West North CentralWichita
39%
New EnglandWorcester
38%
East South CentralBirmingham
36%
Mid-AtlanticJersey City
36%
New EnglandSpringfield
35%

Score Distribution

Percentile by Number Answered

Percent of People with Each Score

Your Score History

You have not taken this quiz